[Event "Ufa Kopylov Memorial op-B 8th"]
[Site "Ufa "]
[Date "2011.12.15"]
[Round "1.61"]
[White "Kiselev, Artiom"]
[Black "Gazizov, Iljas"]
[Result "0-1"]
[WhiteElo "2263"]
[BlackElo "2150"]
[PlyCount "52"]
[EventDate "2011.12.15"]
[EventType "k.o."]
[EventRounds "7"]
[EventCountry "RUS"]
[SourceTitle "EXT 2014"]
[Source "ChessBase"]
[SourceDate "2013.11.20"]
[SourceVersion "1"]
[SourceVersionDate "2013.11.20"]
[SourceQuality "1"]

1. Nf3 d5 2. d4 c6 3. g3 Nf6 4. Bg2 Bf5 5. 0-0 e6 6. Nbd2 Be7 7. Nh4 Bg4 8. h3 Bh5 9. g4 Nfd7 10. Nhf3 Bg6 11. c4 h5 12. cxd5 cxd5 13. Qb3 Qc7 14. g5 Nc6 15. a3 Rc8 16. Qd1 Qb6 17. b4 Nxd4 18. Bb2 Nf5 19. Qa4 Rc6 20. Nb3 0-0 21. Nbd4 Nxd4 22. Nxd4 Rc7 23. h4 a6 24. Qd1 a5 25. b5 e5 26. Nf3 d4 0-1

[Event "Ufa-ch Higher league"]
[Site "Ufa"]
[Date "2011.11.26"]
[Round "7.3"]
[White "Kiselev, Artiom"]
[Black "Glidzhain, Gor Mikhailovich"]
[Result "0-1"]
[WhiteElo "2298"]
[BlackElo "2185"]
[PlyCount "98"]
[EventDate "2011.11.20"]
[EventType "tourn"]
[EventRounds "9"]
[EventCountry "RUS"]
[SourceTitle "EXT 2022"]
[Source "ChessBase"]
[SourceDate "2021.10.06"]
[SourceVersion "1"]
[SourceVersionDate "2021.10.06"]
[SourceQuality "1"]

1. Nf3 Nf6 2. c4 d6 3. d4 g6 4. Nc3 Bg7 5. e4 0-0 6. Be2 Nc6 7. d5 Nb8 8. 0-0 e6 9. dxe6 Bxe6 10. Nd4 Bd7 11. Bg5 h6 12. Be3 Nc6 13. f3 a6 14. Nxc6 Bxc6 15. Qc1 Kh7 16. c5 Qe7 17. cxd6 cxd6 18. Rd1 Rac8 19. Bd4 d5 20. exd5 Nxd5 21. Bxg7 Kxg7 22. Nxd5 Bxd5 23. Qd2 Rfd8 24. Bd3 Qe6 25. b3 Qb6+ 26. Qf2 Qf6 27. Bf1 h5 28. Rac1 Rxc1 29. Rxc1 Bc6 30. Qc2 Qd4+ 31. Kh1 h4 32. h3 a5 33. Kh2 Qd2 34. Qc3+ Qxc3 35. Rxc3 Rd2 36. a4 Rb2 37. Bc4 f5 38. Rd3 Kf6 39. Re3 Kg5 40. Rd3 Kf4 41. Rd4+ Ke5 42. Rd3 g5 43. Re3+ Kd4 44. Rd3+ Kc5 45. Be6 f4 46. Bf7 Kb4 47. Kg1 Re2 48. Kf1 Re7 49. Bc4 Bxa4 0-1

[Event "Sterlitamak op"]
[Site "Sterlitamak"]
[Date "2011.06.27"]
[Round "1"]
[White "Mitrokhin, Petr"]
[Black "Kiselev, Artiom"]
[Result "0-1"]
[WhiteElo "1790"]
[BlackElo "2308"]
[PlyCount "104"]
[EventDate "2011.06.27"]
[EventType "swiss"]
[EventRounds "9"]
[EventCountry "RUS"]
[SourceTitle "EXT 2012"]
[Source "ChessBase"]
[SourceDate "2011.11.24"]
[SourceVersion "1"]
[SourceVersionDate "2011.11.24"]
[SourceQuality "1"]

1. d4 d5 2. Nf3 Nf6 3. e3 g6 4. Bd3 Bg7 5. 0-0 0-0 6. Nbd2 b6 7. e4 dxe4 8. Nxe4 Bb7 9. Nxf6+ Bxf6 10. Bh6 Re8 11. c3 Nd7 12. Re1 c5 13. Be4 Bxe4 14. Rxe4 cxd4 15. cxd4 Qc7 16. Rc1 Qb7 17. Re2 Qd5 18. Qa4 b5 19. Qa5 a6 20. Be3 g5 21. Rd2 Rec8 22. Rcd1 e6 23. h3 h5 24. Qa3 Kg7 25. b3 g4 26. hxg4 hxg4 27. Ne5 Nxe5 28. dxe5 Qxe5 29. Bd4 Qf5 30. Bxf6+ Kxf6 31. Qb2+ Qe5 32. Kf1 Qxb2 33. Rxb2 Ke7 34. Ke2 Rc3 35. Rd3 Rac8 36. Rxc3 Rxc3 37. Rd2 f5 38. g3 Kf6 39. Kf1 Rc1+ 40. Ke2 Ra1 41. Rc2 Ke5 42. Ke3 Kd5 43. Kd3 e5 44. Ke3 a5 45. Kd3 f4 46. Re2 fxg3 47. fxg3 Rf1 48. Rg2 Rf3+ 49. Ke2 Kd4 50. Rg1 e4 51. Rd1+ Rd3 52. Rb1 e3 0-1

[Event "Ufa Kopylov Memorial"]
[Site "Ufa"]
[Date "2010.12.26"]
[Round "7"]
[White "Glidzhain, Gor Mikhailovich"]
[Black "Kiselev, Artiom"]
[Result "1/2-1/2"]
[WhiteElo "2354"]
[BlackElo "2308"]
[PlyCount "67"]
[EventDate "2010.12.21"]
[EventType "tourn"]
[EventRounds "9"]
[EventCountry "RUS"]
[EventCategory "4"]
[SourceTitle "CBM 140 Extra"]
[Source "ChessBase"]
[SourceDate "2011.03.01"]
[SourceVersion "1"]
[SourceVersionDate "2011.03.01"]
[SourceQuality "1"]

1. e4 e6 2. d3 b6 3. Nf3 g6 4. h4 h6 5. Bf4 d6 6. Nc3 Bg7 7. Qd2 Bb7 8. d4 Nd7 9. 0-0-0 Ne7 10. Bc4 a6 11. a3 b5 12. Bb3 Nb6 13. Kb1 Qd7 14. Qe2 c6 15. Rh3 Rd8 16. Ne1 Qc7 17. Bh2 c5 18. dxc5 Qxc5 19. Nd3 Qc7 20. f4 Bxc3 21. bxc3 Qxc3 22. Nb2 Qc6 23. Bg1 Nc4 24. Bxc4 bxc4 25. Nxc4 0-0 26. Rd4 d5 27. Ne5 Qb5+ 28. Qxb5 axb5 29. exd5 Bxd5 30. Kb2 f6 31. Ng4 Nf5 32. Rd2 h5 33. Ne3 Nxe3 34. Rxe3 1/2-1/2

[Event "Ufa Kopylov Memorial"]
[Site "Ufa"]
[Date "2010.12.26"]
[Round "6"]
[White "Kiselev, Artiom"]
[Black "Darmin, Dmitry"]
[Result "0-1"]
[WhiteElo "2308"]
[BlackElo "2364"]
[PlyCount "166"]
[EventDate "2010.12.21"]
[EventType "tourn"]
[EventRounds "9"]
[EventCountry "RUS"]
[EventCategory "4"]
[SourceTitle "CBM 140 Extra"]
[Source "ChessBase"]
[SourceDate "2011.03.01"]
[SourceVersion "1"]
[SourceVersionDate "2011.03.01"]
[SourceQuality "1"]

1. Nf3 Nf6 2. c4 e6 3. g3 d5 4. Bg2 Be7 5. 0-0 0-0 6. d4 b6 7. cxd5 exd5 8. Nc3 Bb7 9. Ne5 Na6 10. Qa4 Qe8 11. Qb3 Rd8 12. Rd1 c5 13. dxc5 Nxc5 14. Qb5 Nfe4 15. Qxe8 Rfxe8 16. Nb5 a6 17. Nd4 Bd6 18. Nef3 Ne6 19. Be3 Bc5 20. Rac1 Rc8 21. Bh3 g6 22. a3 Nd6 23. Bxe6 fxe6 24. Ne5 Nf7 25. Ng4 Kg7 26. b4 Bd6 27. Rxc8 Bxc8 28. f4 e5 29. Nxe5 Bxe5 30. fxe5 Nxe5 31. Bf4 Nc4 32. Bc1 b5 33. Kf2 Bg4 34. Re1 h6 35. Nb3 Bh3 36. Nc5 Rf8+ 37. Kg1 Rf6 38. Nd3 g5 39. Nf2 Bf5 40. Rd1 Re6 41. Kf1 Be4 42. Rd4 Kg6 43. Nd1 Rc6 44. Nf2 Nd6 45. Rd1 Rc2 46. Be3 Nc4 47. Bc5 Ra2 48. Nxe4 dxe4 49. Rd4 Rxa3 50. Kf2 e3+ 51. Kf3 Ra1 52. Ke4 Re1 53. Kd3 Rd1+ 54. Ke4 Rd2 55. Kf3 Kf5 56. g4+ Ke6 57. Re4+ Kd5 58. Re8 Rb2 59. Rd8+ Kc6 60. Rh8 a5 61. Rxh6+ Kd5 62. Rh5 Ne5+ 63. Kg3 axb4 64. Rxg5 Rxe2 65. Bxb4 Rc2 66. h4 Ke4 67. Ba5 e2 68. h5 Ra2 69. Bc3 Nd3 70. Rxb5 Ra3 71. Bd2 Nf4+ 72. Kf2 Rf3+ 73. Kg1 Kd3 74. Ba5 Rf1+ 75. Kh2 Ra1 76. Rb3+ Kc2 77. Rc3+ Kb2 78. Re3 Rxa5 79. h6 Kc2 80. h7 Ra8 81. Kg3 Kd2 82. Re7 Ng6 83. Rd7+ Ke3 0-1

[Event "Ufa Kopylov Memorial"]
[Site "Ufa"]
[Date "2010.12.25"]
[Round "5"]
[White "Kalegin, Evgenij"]
[Black "Kiselev, Artiom"]
[Result "1-0"]
[WhiteElo "2462"]
[BlackElo "2308"]
[PlyCount "55"]
[EventDate "2010.12.21"]
[EventType "tourn"]
[EventRounds "9"]
[EventCountry "RUS"]
[EventCategory "4"]
[SourceTitle "CBM 140 Extra"]
[Source "ChessBase"]
[SourceDate "2011.03.01"]
[SourceVersion "1"]
[SourceVersionDate "2011.03.01"]
[SourceQuality "1"]

1. e4 e5 2. Bc4 Nf6 3. d3 c6 4. Bb3 d5 5. Nf3 Bd6 6. Nbd2 0-0 7. 0-0 Bg4 8. h3 Bh5 9. Re1 Nbd7 10. c3 Qc7 11. Nf1 Rad8 12. Ng3 Bg6 13. Nh4 Rfe8 14. Qf3 Nc5 15. Bc2 Ne6 16. Nhf5 Bf8 17. h4 h5 18. exd5 cxd5 19. Ba4 Nd7 20. Bxd7 Rxd7 21. Nxh5 Bxh5 22. Qxh5 g6 23. Qg4 Kh7 24. Ng3 f6 25. h5 g5 26. Qf5+ Kh8 27. Qxf6+ Bg7 28. Qg6 1-0

[Event "Ufa Kopylov Memorial"]
[Site "Ufa"]
[Date "2010.12.24"]
[Round "4"]
[White "Kiselev, Artiom"]
[Black "Nozdrin, Alexander V"]
[Result "0-1"]
[WhiteElo "2308"]
[BlackElo "2367"]
[PlyCount "106"]
[EventDate "2010.12.21"]
[EventType "tourn"]
[EventRounds "9"]
[EventCountry "RUS"]
[EventCategory "4"]
[SourceTitle "CBM 140 Extra"]
[Source "ChessBase"]
[SourceDate "2011.03.01"]
[SourceVersion "1"]
[SourceVersionDate "2011.03.01"]
[SourceQuality "1"]

1. Nf3 Nf6 2. d4 d5 3. g3 e6 4. Bg2 Be7 5. 0-0 0-0 6. c4 dxc4 7. Ne5 c5 8. dxc5 Bxc5 9. Nxc4 Nc6 10. Nc3 Ng4 11. Ne4 Be7 12. h3 Nf6 13. Ned6 Nd5 14. Nxc8 Rxc8 15. Ne3 Nb6 16. b3 Bc5 17. a3 Qxd1 18. Rxd1 Nd4 19. Bxb7 Rb8 20. Ba6 Nxb3 21. Rb1 Na4 22. Rd3 Nd4 23. Rxb8 Rxb8 24. Rd1 Nc3 25. Re1 Rb1 26. Bd2 Rxe1+ 27. Bxe1 Ncxe2+ 28. Kf1 Nc1 29. a4 Na2 30. Nc4 Bb4 31. Bxb4 Nxb4 32. Bb7 Kf8 33. Bg2 Ke7 34. Ke1 Nb3 35. Kd1 f6 36. f4 Kd7 37. a5 Nc6 38. Be4 g6 39. h4 Nbxa5 40. Ne3 Ne7 41. g4 Kd6 42. Kd2 Nd5 43. Ng2 Nb3+ 44. Kc2 Nc5 45. Bf3 a5 46. g5 f5 47. h5 Nd7 48. hxg6 hxg6 49. Kb3 N7b6 50. Bd1 Kc5 51. Bf3 Kd4 52. Ka3 Nc4+ 53. Ka2 Nce3 0-1

[Event "Ufa Kopylov Memorial"]
[Site "Ufa"]
[Date "2010.12.21"]
[Round "1"]
[White "Kiselev, Artiom"]
[Black "Imashev, Ildar"]
[Result "1/2-1/2"]
[WhiteElo "2308"]
[BlackElo "2283"]
[PlyCount "63"]
[EventDate "2010.12.21"]
[EventType "tourn"]
[EventRounds "9"]
[EventCountry "RUS"]
[EventCategory "4"]
[SourceTitle "CBM 140 Extra"]
[Source "ChessBase"]
[SourceDate "2011.03.01"]
[SourceVersion "1"]
[SourceVersionDate "2011.03.01"]
[SourceQuality "1"]

1. Nf3 d5 2. d4 Nf6 3. g3 e6 4. Bg2 Be7 5. 0-0 0-0 6. c4 dxc4 7. Qc2 a6 8. a4 Nc6 9. Qxc4 Qd5 10. Qd3 Qh5 11. Bf4 Nd5 12. Bd2 Rd8 13. Qb3 Nf6 14. e3 Ne4 15. Be1 Bd6 16. Nc3 Nf6 17. Rd1 Bd7 18. h4 h6 19. e4 e5 20. dxe5 Nxe5 21. Nxe5 Bxe5 22. f4 Bxc3 23. Bxc3 Be6 24. Qc2 Qc5+ 25. Qf2 Qxf2+ 26. Kxf2 Ng4+ 27. Kg1 Bb3 28. Rxd8+ Rxd8 29. a5 Rd3 30. Rf3 Rd1+ 31. Rf1 Rd3 32. Rf3 1/2-1/2

[Event "Ufa Siamidi Memorial op"]
[Site "Ufa"]
[Date "2010.10.24"]
[Round "7"]
[White "Darmin, Dmitry"]
[Black "Kiselev, Artiom"]
[Result "1-0"]
[WhiteElo "2371"]
[BlackElo "2308"]
[PlyCount "47"]
[EventDate "2010.10.18"]
[EventType "swiss"]
[EventRounds "9"]
[EventCountry "RUS"]
[SourceTitle "EXT 2011"]
[Source "ChessBase"]
[SourceDate "2010.11.26"]
[SourceVersion "1"]
[SourceVersionDate "2010.11.26"]
[SourceQuality "1"]

1. e4 c5 2. Nf3 Nc6 3. c3 e5 4. Bc4 Be7 5. d4 d6 6. dxe5 Nxe5 7. Nxe5 dxe5 8. Qh5 g6 9. Qxe5 Nf6 10. Bh6 Rg8 11. f3 Qd6 12. Qxd6 Bxd6 13. Be3 b6 14. a4 a6 15. Nd2 g5 16. 0-0-0 Bf4 17. Bxf4 gxf4 18. e5 Nd7 19. Bd5 Ra7 20. Nc4 Ke7 21. Rhe1 Rxg2 22. Nd6 Rc7 23. e6 Kxd6 24. Bb7+ 1-0

[Event "Ufa Siamidi Memorial op"]
[Site "Ufa"]
[Date "2010.10.21"]
[Round "4"]
[White "Jangurazov, Albert"]
[Black "Kiselev, Artiom"]
[Result "0-1"]
[WhiteElo "1903"]
[BlackElo "2308"]
[PlyCount "84"]
[EventDate "2010.10.18"]
[EventType "swiss"]
[EventRounds "9"]
[EventCountry "RUS"]
[SourceTitle "EXT 2011"]
[Source "ChessBase"]
[SourceDate "2010.11.26"]
[SourceVersion "1"]
[SourceVersionDate "2010.11.26"]
[SourceQuality "1"]

1. d4 d5 2. Nf3 Nf6 3. e3 g6 4. Bd3 Bg7 5. 0-0 0-0 6. Nbd2 c5 7. b3 b6 8. Bb2 Bb7 9. Rc1 Nbd7 10. c4 a5 11. Re1 Re8 12. Bb1 e6 13. Ne5 Nxe5 14. dxe5 Nd7 15. f4 f6 16. exf6 Bxf6 17. Bxf6 Qxf6 18. Qg4 Re7 19. Nf1 Rf8 20. Ng3 Kh8 21. Rf1 a4 22. bxa4 Rg7 23. Kh1 Ba6 24. Bd3 dxc4 25. Bxc4 Bxc4 26. Rxc4 Ne5 27. Qe2 Nxc4 28. Qxc4 h6 29. a5 bxa5 30. Qxc5 Qd8 31. Qe5 Qd5 32. Qb2 Kh7 33. Qc2 Rd7 34. e4 Qd3 35. Qa4 Qd2 36. Qc4 Rxf4 37. Qxe6 Rxf1+ 38. Nxf1 Qd6 39. Qc4 Qd3 40. Qc1 Qxe4 41. h3 Qd5 42. Ne3 Qd6 0-1

[Event "Ufa Kopylov Memorial"]
[Site "Ufa"]
[Date "2009.12.22"]
[Round "9"]
[White "Kiselev, Artiom"]
[Black "Nozdrin, Alexander V"]
[Result "1-0"]
[WhiteElo "2308"]
[BlackElo "2379"]
[PlyCount "65"]
[EventDate "2009.12.15"]
[EventType "tourn"]
[EventRounds "11"]
[EventCountry "RUS"]
[EventCategory "3"]
[SourceTitle "CBM 134 Extra"]
[Source "ChessBase"]
[SourceDate "2010.03.03"]
[SourceVersion "1"]
[SourceVersionDate "2010.03.03"]
[SourceQuality "1"]

1. Nf3 c5 2. c4 Nf6 3. Nc3 e6 4. g3 Nc6 5. Bg2 Be7 6. 0-0 0-0 7. d4 cxd4 8. Nxd4 a6 9. b3 Qb6 10. Nc2 Qc7 11. Bb2 Rb8 12. Rc1 b6 13. e4 Bb7 14. f4 d6 15. Kh1 Rfd8 16. Ne3 Qd7 17. g4 Ne8 18. g5 Bf8 19. Qh5 b5 20. Rf3 g6 21. Qh4 bxc4 22. Rh3 f6 23. gxf6 Qf7 24. Ne2 cxb3 25. f5 exf5 26. exf5 Kh8 27. fxg6 Qxg6 28. Rg3 Qf7 29. Nf4 Ne5 30. Bxe5 Bxg2+ 31. Rxg2 Rb4 32. Ng6+ Qxg6 33. Qxb4 1-0

[Event "Ufa Kopylov Memorial"]
[Site "Ufa"]
[Date "2009.12.21"]
[Round "8"]
[White "Glidzhain, Gor Mikhailovich"]
[Black "Kiselev, Artiom"]
[Result "1-0"]
[WhiteElo "2354"]
[BlackElo "2308"]
[PlyCount "49"]
[EventDate "2009.12.15"]
[EventType "tourn"]
[EventRounds "11"]
[EventCountry "RUS"]
[EventCategory "3"]
[SourceTitle "CBM 134 Extra"]
[Source "ChessBase"]
[SourceDate "2010.03.03"]
[SourceVersion "1"]
[SourceVersionDate "2010.03.03"]
[SourceQuality "1"]

1. e4 c5 2. Nf3 Nc6 3. Bb5 Na5 4. 0-0 a6 5. Be2 b5 6. d4 cxd4 7. Nxd4 Bb7 8. Bf3 d6 9. Nc3 e6 10. Qe2 Qc7 11. a4 b4 12. Na2 e5 13. Nf5 Nc6 14. c3 a5 15. Qd1 Ba6 16. Re1 Rb8 17. Bd2 Nf6 18. cxb4 axb4 19. Rc1 Qd7 20. b3 g6 21. Bg5 Ng8 22. Ne3 f6 23. Bh4 Nd4 24. Nd5 Bc8 25. Bxf6 1-0

[Event "Ufa Siamidi Memorial op"]
[Site "Ufa"]
[Date "2009.10.09"]
[Round "7"]
[White "Kiselev, Artiom"]
[Black "Nozdrin, Alexander V"]
[Result "1-0"]
[WhiteElo "2263"]
[BlackElo "2364"]
[PlyCount "75"]
[EventDate "2009.10.03"]
[EventType "swiss"]
[EventRounds "9"]
[EventCountry "RUS"]
[SourceTitle "EXT 2011"]
[Source "ChessBase"]
[SourceDate "2010.11.26"]
[SourceVersion "1"]
[SourceVersionDate "2010.11.26"]
[SourceQuality "1"]

1. Nf3 Nf6 2. d4 d6 3. g3 Nbd7 4. Bg2 e5 5. c4 Be7 6. Nc3 0-0 7. 0-0 c6 8. e4 Re8 9. h3 Bf8 10. Qc2 a5 11. Be3 exd4 12. Nxd4 Nc5 13. Nb3 Ne6 14. a4 Qc7 15. Rfe1 b6 16. Rad1 Ba6 17. Bf1 Nd7 18. Kh2 g6 19. f4 Bc8 20. Bg2 Rb8 21. Nd4 Ndc5 22. Qf2 Nxd4 23. Bxd4 f5 24. Qf3 Nxe4 25. Nxe4 fxe4 26. Rxe4 Be6 27. Rde1 Bf7 28. Rxe8 Rxe8 29. Rxe8 Bxe8 30. Qe3 c5 31. Qxe8 cxd4 32. Bd5+ Kg7 33. Qe4 Be7 34. g4 g5 35. Qe6 gxf4 36. Qf7+ Kh6 37. h4 Qd8 38. Be4 1-0

[Event "Ufa Siamidi Memorial op"]
[Site "Ufa"]
[Date "2009.10.08"]
[Round "6"]
[White "Imashev, Ildar"]
[Black "Kiselev, Artiom"]
[Result "0-1"]
[WhiteElo "2283"]
[BlackElo "2263"]
[PlyCount "72"]
[EventDate "2009.10.03"]
[EventType "swiss"]
[EventRounds "9"]
[EventCountry "RUS"]
[SourceTitle "EXT 2011"]
[Source "ChessBase"]
[SourceDate "2010.11.26"]
[SourceVersion "1"]
[SourceVersionDate "2010.11.26"]
[SourceQuality "1"]

1. e4 c5 2. Nf3 Nc6 3. d4 cxd4 4. Nxd4 e5 5. Nb5 d6 6. c4 Be7 7. b3 Nf6 8. Bd3 0-0 9. 0-0 Nd7 10. N1c3 a6 11. Na3 Bg5 12. Bb2 Nc5 13. Be2 Kh8 14. Nc2 f5 15. exf5 Bxf5 16. Nd5 Rb8 17. Nce3 Be4 18. Nc3 Bg6 19. Ncd5 Qe8 20. b4 Ne6 21. Bd3 Bxd3 22. Qxd3 Rd8 23. Rad1 Qh5 24. a3 Ncd4 25. f3 Bf4 26. Ng4 Qf7 27. g3 Bg5 28. f4 Qh5 29. Nde3 Bxf4 30. gxf4 Nxf4 31. Qb1 Qh3 32. Rf2 Nde2+ 33. Kh1 Ng3+ 34. Kg1 Nfe2+ 35. Rxe2 Nxe2+ 36. Kh1 Qf3+ 0-1

[Event "Ufa Siamidi Memorial op"]
[Site "Ufa"]
[Date "2009.10.04"]
[Round "2"]
[White "Melnikov, Sergey"]
[Black "Kiselev, Artiom"]
[Result "0-1"]
[WhiteElo "2107"]
[BlackElo "2263"]
[PlyCount "56"]
[EventDate "2009.10.03"]
[EventType "swiss"]
[EventRounds "9"]
[EventCountry "RUS"]
[SourceTitle "EXT 2011"]
[Source "ChessBase"]
[SourceDate "2010.11.26"]
[SourceVersion "1"]
[SourceVersionDate "2010.11.26"]
[SourceQuality "1"]

1. e4 e6 2. d3 d5 3. Nd2 c5 4. g3 g6 5. Bg2 Bg7 6. Ngf3 Ne7 7. 0-0 0-0 8. Re1 Nbc6 9. e5 f6 10. exf6 Bxf6 11. Nb3 b6 12. c4 Nf5 13. Qe2 a5 14. g4 Nh4 15. Bh6 Nxg2 16. Kxg2 Rf7 17. g5 Bh8 18. Rad1 a4 19. Nc1 Nd4 20. Nxd4 Bxd4 21. f3 e5 22. Rf1 Qd7 23. b3 Qh3+ 24. Kh1 dxc4 25. dxc4 Bb7 26. Rd3 e4 27. Re1 exf3 28. Qe8+ Rf8 0-1

[Event "Ufa Kopylov Memorial op"]
[Site "Ufa"]
[Date "2008.12.21"]
[Round "6"]
[White "Kiselev, Artiom"]
[Black "Ibragimov, Maxim"]
[Result "1-0"]
[WhiteElo "2265"]
[BlackElo "2123"]
[PlyCount "57"]
[EventDate "2008.12.16"]
[EventType "swiss"]
[EventRounds "9"]
[EventCountry "RUS"]
[SourceTitle "EXT 2010"]
[Source "ChessBase"]
[SourceDate "2010.11.25"]
[SourceVersion "1"]
[SourceVersionDate "2010.11.25"]
[SourceQuality "1"]

1. c4 Nf6 2. Nf3 e6 3. Nc3 Bb4 4. g3 d5 5. cxd5 Bxc3 6. bxc3 Qxd5 7. Bg2 0-0 8. 0-0 Qa5 9. Qc2 Nc6 10. d4 e5 11. e4 exd4 12. cxd4 Bg4 13. Bb2 Qh5 14. Ne5 Nxe5 15. dxe5 Nd7 16. Qxc7 Rfe8 17. f3 Be6 18. Rac1 Nb6 19. Bd4 Qh6 20. f4 Bh3 21. Bxh3 Qxh3 22. Qxb7 Qe6 23. f5 Qh6 24. e6 Rf8 25. Bc5 fxe6 26. Bxf8 Rxf8 27. fxe6 Qe3+ 28. Kh1 Re8 29. Qf7+ 1-0

[Event "Sterlitamak op"]
[Site "Sterlitamak"]
[Date "2008.07.03"]
[Round "9"]
[White "Kiselev, Artiom"]
[Black "Zhitnikov, Sergey"]
[Result "0-1"]
[WhiteElo "2263"]
[BlackElo "2358"]
[PlyCount "82"]
[EventDate "2008.06.26"]
[EventType "swiss"]
[EventRounds "9"]
[EventCountry "RUS"]
[SourceTitle "EXT 2009"]
[Source "ChessBase"]
[SourceDate "2008.11.26"]
[SourceVersion "1"]
[SourceVersionDate "2008.11.26"]
[SourceQuality "1"]

1. Nf3 Nf6 2. c4 g6 3. g3 Bg7 4. Bg2 0-0 5. 0-0 d6 6. Nc3 Nc6 7. d4 a6 8. Qd3 Nd7 9. Be3 h6 10. Qd2 Kh7 11. d5 Na5 12. b3 c5 13. dxc6 bxc6 14. Rac1 Rb8 15. Ba7 Rb7 16. Bd4 c5 17. Bxg7 Kxg7 18. Nd5 e6 19. Qc3+ Kh7 20. Nf4 Nf6 21. Rfd1 Rd7 22. a3 Nc6 23. b4 e5 24. Nd5 Nxd5 25. cxd5 Nd4 26. Nxd4 cxd4 27. Qb3 Bb7 28. a4 f5 29. Rc2 Qf6 30. b5 axb5 31. axb5 Rff7 32. Qa4 h5 33. h4 g5 34. hxg5 Qxg5 35. Qb3 Rg7 36. b6 h4 37. Kh2 Qh6 38. gxh4 Qf4+ 39. Kg1 Qe4 40. f3 Qxh4 41. Rc7 Qg3 0-1

[Event "Sterlitamak op"]
[Site "Sterlitamak"]
[Date "2008.07.02"]
[Round "7"]
[White "Jamilov, Robert F"]
[Black "Kiselev, Artiom"]
[Result "1-0"]
[WhiteElo "2385"]
[BlackElo "2263"]
[PlyCount "47"]
[EventDate "2008.06.26"]
[EventType "swiss"]
[EventRounds "9"]
[EventCountry "RUS"]
[SourceTitle "EXT 2009"]
[Source "ChessBase"]
[SourceDate "2008.11.26"]
[SourceVersion "1"]
[SourceVersionDate "2008.11.26"]
[SourceQuality "1"]

1. e4 c5 2. Nf3 Nc6 3. c3 d5 4. exd5 Qxd5 5. d4 cxd4 6. cxd4 e5 7. Nc3 Bb4 8. Bd2 Bxc3 9. Bxc3 e4 10. Ne5 Nxe5 11. dxe5 Ne7 12. Be2 Bd7 13. Qc2 Bc6 14. Rd1 Qe6 15. b4 a6 16. Rd6 Qf5 17. 0-0 0-0 18. Bc4 Qg5 19. e6 Nf5 20. f4 exf3 21. Rxc6 Ne3 22. exf7+ Kh8 23. Rc5 Qxc5 24. Bxg7+ 1-0

[Event "Sterlitamak op"]
[Site "Sterlitamak"]
[Date "2008.06.27"]
[Round "2"]
[White "Kiselev, Artiom"]
[Black "Nurieva, Amina"]
[Result "1-0"]
[WhiteElo "2263"]
[BlackElo "1868"]
[PlyCount "67"]
[EventDate "2008.06.26"]
[EventType "swiss"]
[EventRounds "9"]
[EventCountry "RUS"]
[SourceTitle "EXT 2009"]
[Source "ChessBase"]
[SourceDate "2008.11.26"]
[SourceVersion "1"]
[SourceVersionDate "2008.11.26"]
[SourceQuality "1"]

1. Nf3 d5 2. d4 Nf6 3. c4 c6 4. Nc3 Bf5 5. cxd5 cxd5 6. Qb3 b6 7. Ne5 e6 8. Qa4+ Nbd7 9. e4 dxe4 10. Bg5 a6 11. Bxa6 Be7 12. Bxf6 Bxf6 13. Nxd7 Qxd7 14. Bb5 Rxa4 15. Bxd7+ Kxd7 16. Nxa4 Rb8 17. Rd1 Bg4 18. Rd2 Bg5 19. Rc2 Bf6 20. h3 Bf5 21. Rc4 Ke8 22. Rb4 Rd8 23. Nxb6 Bxd4 24. Ke2 e5 25. Rc1 Be6 26. b3 f5 27. a4 f4 28. a5 Rb8 29. Nd5 Rxb4 30. Nxb4 Bxb3 31. a6 e3 32. fxe3 Bxe3 33. Rc3 Ba4 34. Rxe3 1-0

[Event "Privolzhskogo FO-ch"]
[Site "Togliatti"]
[Date "2007.03.26"]
[Round "5"]
[White "Ponfilenok, Vladimir"]
[Black "Kiselev, Artiom"]
[Result "1-0"]
[WhiteElo "2402"]
[BlackElo "2268"]
[PlyCount "79"]
[EventDate "2007.03.22"]
[EventType "swiss"]
[EventRounds "9"]
[EventCountry "RUS"]
[SourceTitle "EXT 2010"]
[Source "ChessBase"]
[SourceDate "2010.11.25"]
[SourceVersion "1"]
[SourceVersionDate "2010.11.25"]
[SourceQuality "1"]

1. d4 d5 2. Nf3 Nf6 3. c4 dxc4 4. e3 Bg4 5. Bxc4 e6 6. h3 Bh5 7. Nc3 Nc6 8. Bb5 Bd6 9. e4 Nd7 10. Be3 e5 11. Bxc6 bxc6 12. g4 Bg6 13. Nxe5 Nxe5 14. dxe5 Bxe5 15. Qxd8+ Rxd8 16. f3 f6 17. Ke2 Bf7 18. Rhd1 Bc4+ 19. Kf2 Bxc3 20. Rxd8+ Kxd8 21. bxc3 a6 22. Rd1+ Kc8 23. Rd4 Bxa2 24. Ra4 Be6 25. Rxa6 Kb7 26. Ra7+ Kb8 27. Ra5 Rd8 28. Bd4 Kc8 29. g5 fxg5 30. Bxg7 Bxh3 31. Ra8+ Kd7 32. Rxd8+ Kxd8 33. Bf6+ Kd7 34. Bxg5 Ke6 35. f4 h5 36. Ke3 Bg2 37. Bh4 Bf1 38. f5+ Ke5 39. Bg3+ Kf6 40. Kf4 1-0

[Event "Privolzhskogo FO-ch"]
[Site "Togliatti"]
[Date "2007.03.24"]
[Round "3"]
[White "Virovlansky, Semen"]
[Black "Kiselev, Artiom"]
[Result "1-0"]
[WhiteElo "2441"]
[BlackElo "2268"]
[PlyCount "55"]
[EventDate "2007.03.22"]
[EventType "swiss"]
[EventRounds "9"]
[EventCountry "RUS"]
[SourceTitle "EXT 2010"]
[Source "ChessBase"]
[SourceDate "2010.11.25"]
[SourceVersion "1"]
[SourceVersionDate "2010.11.25"]
[SourceQuality "1"]

1. d4 d5 2. c4 dxc4 3. e3 Nf6 4. Bxc4 e6 5. Nf3 c5 6. 0-0 a6 7. b3 Nc6 8. Bb2 cxd4 9. Nxd4 Nxd4 10. Qxd4 Qxd4 11. Bxd4 b5 12. Be2 Bb7 13. a4 b4 14. Nd2 Nd7 15. Nc4 Nc5 16. Na5 Bd5 17. Bf3 Bxf3 18. gxf3 Nd7 19. Rfd1 e5 20. Bb2 Rc8 21. Rac1 Rxc1 22. Rxc1 Nc5 23. Bxe5 Nd3 24. Rc8+ Kd7 25. Rc7+ Ke6 26. Bg3 Nc5 27. Rc8 Kd7 28. Rb8 1-0

[Event "Meleuz op"]
[Site "Meleuz"]
[Date "2006.12.18"]
[Round "4"]
[White "Kiselev, Artiom"]
[Black "Imashev, Ildar"]
[Result "1/2-1/2"]
[WhiteElo "2290"]
[BlackElo "2290"]
[PlyCount "29"]
[EventDate "2006.12.16"]
[EventType "swiss"]
[EventRounds "9"]
[EventCountry "RUS"]
[SourceTitle "EXT 2008"]
[Source "ChessBase"]
[SourceDate "2007.11.25"]
[SourceVersion "1"]
[SourceVersionDate "2007.11.25"]
[SourceQuality "1"]

1. d4 e6 2. c4 f5 3. Nf3 Nf6 4. g3 c6 5. Bg2 d5 6. b3 Bd6 7. 0-0 Qe7 8. Ne5 0-0 9. Bb2 Nbd7 10. Nd2 a5 11. a3 Ne4 12. Ndf3 Nxe5 13. Nxe5 a4 14. cxd5 exd5 15. b4 1/2-1/2